Dávky v mateřství a přídavky na deti

Uložené v:
Podrobná bibliografia
Médium: Kniha
Jazyk:Czech
Vydavateľské údaje: Praha Práce 1986
Vydanie:1. vyd.
Edícia:Příručka Práce
Tagy: Pridať tag
Žiadne tagy, Buďte prvý, kto otaguje tento záznam!

MARC

LEADER 00000nam a2200000 4500
001 c035448
005 20240802092318.5
041 0 |a cze 
044 |a CZ 
245 1 0 |a Dávky v mateřství a přídavky na deti  |c Miroslav Bělina, Jana Zemanová 
250 |a 1. vyd. 
264 1 |a Praha  |b Práce  |c 1986 
300 |a 386 s. 
490 1 |a Příručka Práce 
830 0 |a Příručka Práce